| 000 | 00663nam a2200193Ia 4500 | ||
|---|---|---|---|
| 003 | OSt | ||
| 005 | 20251004113947.0 | ||
| 008 | 210210b2002 xxu||||| |||| 00| 0 eng d | ||
| 040 | _cAL | ||
| 041 | _aKannada | ||
| 082 | _aK894.9 BETK | ||
| 100 |
_aBETTAGERI (Ga. Su. Bhatta). _dಬೆತ್ತಗೇರಿ (ಗ.ಸು. ಭಟ್ಟ) _9241619 |
||
| 245 |
_aKavi valmikigada anyaya: shodhanatmaka krati. _b ಕವಿ ವಾಲ್ಮೀಕಿಗಾದ ಅನ್ಯಾಯ: ಶೋಧನಾತ್ಮಕ ಕೃತಿ. |
||
| 260 |
_aKinnigoli _bSumukha Prakashana _c2002 |
||
| 300 | _a60 | ||
| 690 |
_aKannada Criticism _9241620 |
||
| 906 | _a060789 | ||
| 942 |
_2ddc _cBK |
||
| 999 |
_c107938 _d107938 |
||